1970's Song Titles: Picture Clues - Statistics

General Stats
  • This quiz has been taken 200 times
  • The average score is 10 of 20
Answer Stats
Picture Hint Answer % Correct
Steve Miller Band The Joker
93%
Hot Butter Popcorn
85%
Dave Edmunds Queen Of Hearts
78%
Mud Dynamite
77%
Ray Stevens The Streak
76%
Ringo Starr Photograph
73%
Edwin Starr War
72%
Hot Chocolate Emma
70%
Status Quo Paper Plane
64%
The Police Walking On The Moon
63%
Neil Young Harvest
51%
Abba Fernando
46%
Paul Simon Me And Julio Down By The Schoolyard
36%
Dickies (Kids TV theme) Banana Splits
32%
Sensational Alex Harvey Band Boston Tea Party
28%
Showaddywaddy (original by The Jarmels) A Little Bit Of Soap
15%
Television Foxhole
15%
Dr Feelgood Roxette
15%
Leonard Cohen Famous Blue Raincoat
7%
Fatback Band (Are You Ready) Do The Bus Stop
6%
No matching quizzes found
Score Distribution
Percent of People with Each Score
Percentile by Number Answered
Your Score History
You have not taken this quiz